Statistics for Miroslav Klose's World Cup Goals

Click here to take the quiz!

General Stats

  • This quiz has been taken 125 times
  • The average score is 11 of 16

Answer Stats

HintAnswer% Correct
162014 World CupBrazil
99%
132010 World CupArgentina
87%
102006 World CupArgentina
87%
142010 World CupArgentina
87%
152014 World CupGhana
84%
122010 World CupEngland
72%
12002 World CupSaudi Arabia
70%
22002 World CupSaudi Arabia
70%
32002 World CupSaudi Arabia
70%
62006 World CupCosta Rica
66%
72006 World CupCosta Rica
66%
112010 World CupAustralia
63%
52002 World CupCameroon
55%
82006 World CupEcuador
54%
92006 World CupEcuador
54%
42002 World CupRepublic of Ireland
53%

Score Distribution

Percentile by Number Answered

Percent of People with Each Score

Your Score History

You have not taken this quiz